[Event "Windsor NAYCC U08"]
[Site "Windsor"]
[Date "2016.08.11"]
[Round "9.175"]
[White "Zhang, Caden"]
[Black "Zhang, William"]
[Result "1-0"]
[WhiteElo "750"]
[BlackElo "608"]
[PlyCount "109"]
[EventDate "2016.08.07"]
[EventType "swiss"]
[EventRounds "9"]
[EventCountry "CAN"]
[SourceTitle "EXT 2022"]
[Source "ChessBase"]
[SourceDate "2021.10.06"]
[SourceVersion "1"]
[SourceVersionDate "2021.10.06"]
[SourceQuality "1"]

1. e4 e5 2. Nf3 Nc6 3. Nc3 Nf6 4. Bc4 Nxe4 5. Bxf7+ Kxf7 6. Nxe4 Bd6 7. Nxd6+ cxd6 8. 0-0 Rf8 9. d3 Kg8 10. Bg5 Qe8 11. a3 h6 12. Bd2 Nd4 13. Nxd4 exd4 14. Re1 Qd8 15. Re4 Qf6 16. Rf4 Qe7 17. Rxd4 b6 18. Re4 Qf7 19. Rf4 Qe7 20. Rg4 Bb7 21. Bxh6 Qf7 22. Rxg7+ Qxg7 23. Bxg7 Kxg7 24. Qg4+ Kf7 25. Qxd7+ Kg8 26. Qxd6 Ba6 27. Re1 Rad8 28. Qg3+ Kh8 29. h4 Rde8 30. Rxe8 Rxe8 31. Qc7 Rc8 32. Qxa7 Bb5 33. Qxb6 Be8 34. Qh6+ Kg8 35. Qe6+ Kf8 36. Qxc8 Kf7 37. Qxe8+ Kxe8 38. a4 Kd8 39. a5 Kc8 40. a6 Kb8 41. a7+ Kxa7 42. h5 Kb7 43. h6 Kc7 44. h7 Kd7 45. h8Q Ke7 46. Qh6 Kf7 47. Qd6 Kg7 48. c3 Kf7 49. c4 Ke8 50. c5 Kf7 51. c6 Ke8 52. c7 Kf7 53. c8Q Kg7 54. Qcf8+ Kh7 55. Qdh6# 1-0

[Event "Windsor NAYCC U08"]
[Site "Windsor"]
[Date "2016.08.08"]
[Round "2.169"]
[White "Yuen, Noah Nathaniel"]
[Black "Zhang, William"]
[Result "1-0"]
[WhiteElo "1114"]
[BlackElo "608"]
[PlyCount "69"]
[EventDate "2016.08.07"]
[EventType "swiss"]
[EventRounds "9"]
[EventCountry "CAN"]
[SourceTitle "EXT 2022"]
[Source "ChessBase"]
[SourceDate "2021.10.06"]
[SourceVersion "1"]
[SourceVersionDate "2021.10.06"]
[SourceQuality "1"]

1. c4 e5 2. Nc3 Nf6 3. d3 Nc6 4. Nf3 Bc5 5. Bg5 0-0 6. e3 h6 7. Bh4 d6 8. Nd5 Bb4+ 9. Nxb4 Nxb4 10. Nd2 Bf5 11. Qb3 a5 12. a3 Na6 13. Qxb7 Nc5 14. Qf3 Nxd3+ 15. Bxd3 Bxd3 16. e4 Bc2 17. a4 Rb8 18. Qc3 g5 19. Bxg5 hxg5 20. Qxc2 g4 21. 0-0 g3 22. fxg3 Ng4 23. Qc3 Qg5 24. Rf5 Qh6 25. h3 Nf6 26. g4 c6 27. g5 Qh4 28. gxf6 Rbc8 29. Qf3 c5 30. g3 Qxh3 31. Rg5+ Kh7 32. Rh5+ Qxh5 33. Qxh5+ Kg8 34. Qh6 Rb8 35. Qg7# 1-0

[Event "Canadian op U1200"]
[Site "Windsor"]
[Date "2016.07.17"]
[Round "9.57"]
[White "Arora, Sat"]
[Black "Zhang, William"]
[Result "1-0"]
[WhiteElo "820"]
[BlackElo "461"]
[PlyCount "105"]
[EventDate "2016.07.10"]
[EventType "swiss"]
[EventRounds "9"]
[EventCountry "CAN"]
[SourceTitle "EXT 2022"]
[Source "ChessBase"]
[SourceDate "2021.10.06"]
[SourceVersion "1"]
[SourceVersionDate "2021.10.06"]
[SourceQuality "1"]

1. d4 d5 2. Nc3 Nc6 3. Bf4 Nf6 4. h3 Bf5 5. e3 e6 6. Nf3 Bb4 7. a3 Bd6 8. Bd3 Bxf4 9. exf4 Bxd3 10. Qxd3 0-0 11. Ne5 Nxe5 12. fxe5 Ne4 13. Nxe4 dxe4 14. Qxe4 b6 15. 0-0-0 f6 16. f4 fxe5 17. Qxe5 Rc8 18. Qxe6+ Kh8 19. f5 c5 20. dxc5 Qg5+ 21. Kb1 bxc5 22. g4 c4 23. Qd7 c3 24. b3 Rcd8 25. Qxa7 Rxd1+ 26. Rxd1 h6 27. Rd3 Qf6 28. Qc5 Rd8 29. Rxd8+ Qxd8 30. Qxc3 Qa8 31. a4 Qh1+ 32. Kb2 Kh7 33. Qd3 Kg8 34. Qc4+ Kh7 35. Qf7 Qxh3 36. f6 Qxg4 37. Qxg7+ Qxg7 38. fxg7 Kxg7 39. a5 h5 40. a6 h4 41. a7 h3 42. a8Q h2 43. Qh1 Kf7 44. Qxh2 Ke7 45. Qd2 Kf6 46. Qd5 Kg7 47. Qe6 Kh8 48. Qe7 Kg8 49. b4 Kh8 50. b5 Kg8 51. b6 Kh8 52. b7 Kg8 53. b8R# 1-0

[Event "Canadian op U1200"]
[Site "Windsor"]
[Date "2016.07.13"]
[Round "4.62"]
[White "Periappuram, Anya"]
[Black "Zhang, William"]
[Result "0-1"]
[WhiteElo "344"]
[BlackElo "461"]
[PlyCount "30"]
[EventDate "2016.07.10"]
[EventType "swiss"]
[EventRounds "9"]
[EventCountry "CAN"]
[SourceTitle "EXT 2022"]
[Source "ChessBase"]
[SourceDate "2021.10.06"]
[SourceVersion "1"]
[SourceVersionDate "2021.10.06"]
[SourceQuality "1"]

1. e4 e5 2. Nc3 Nf6 3. Nf3 Bc5 4. Bc4 Ng4 5. 0-0 Bxf2+ 6. Rxf2 Nxf2 7. Qf1 Ng4 8. Kh1 0-0 9. d3 d6 10. Bd2 Be6 11. Bb3 Bxb3 12. axb3 Nc6 13. Qd1 Nd4 14. Ng1 Qh4 15. g3 Qxh2# 0-1